Statistics for Lucky test

Click here to take the quiz!

General Stats

  • This quiz has been taken 101 times
  • The average score is 13 of 25

Answer Stats

QuestionTileSelect% Correct
select 10 tilesNo
70%
select 10 tilesNo
68%
select 10 tilesNo
65%
select 10 tilesNo
65%
select 10 tilesNo
63%
select 10 tilesNo
63%
select 10 tilesNo
60%
select 10 tilesNo
58%
select 10 tilesNo
58%
select 10 tilesYes
58%
select 10 tilesNo
55%
select 10 tilesNo
55%
select 10 tilesNo
53%
select 10 tilesYes
50%
select 10 tilesNo
50%
select 10 tilesYes
48%
select 10 tilesYes
48%
select 10 tilesNo
48%
select 10 tilesNo
48%
select 10 tilesYes
45%
select 10 tilesYes
43%
select 10 tilesYes
43%
select 10 tilesYes
40%
select 10 tilesYes
33%
select 10 tilesYes
30%

Score Distribution

Percentile by Number Answered

Percent of People with Each Score

Your Score History

You have not taken this quiz